Seminario de extensión docente: ED-1899 Ecología humana de la gestión del riesgo /
Salvato in:
| Autore principale: | |
|---|---|
| Ente Autore: | |
| Altri autori: | |
| Natura: | testo |
| Pubblicazione: |
San José:
UCR. FCS. IIS
|
| Tags: |
Aggiungi Tag
Nessun Tag, puoi essere il primo ad aggiungerne!!
|
MARC
| LEADER | 00000 a a2200000 04500 | ||
|---|---|---|---|
| 001 | 33847 | ||
| 003 | |||
| 040 | |||
| 090 | |a 1001 S471s | ||
| 100 | |a McHugh Brown, Agustín Antonio | ||
| 110 | |a Universidad de Costa Rica. Facultad de Ciencias Sociales. Instituto de Investigaciones Sociales | ||
| 245 | |a Seminario de extensión docente: ED-1899 Ecología humana de la gestión del riesgo / |c Agustín Antonio McHugh Brown | ||
| 260 | |a San José: |b UCR. FCS. IIS | ||
| 300 | |a p. irreg. | ||
| 500 | |a Compilación de lecturas | ||
| 700 | |a Fernández Arce, Mario | ||
| 999 | |c 17456 |d 17456 | ||
